000 00935nam a22002537a 4500
999 _c3361
_d3361
003 AR-CdUCM
008 190306b ||||| |||| 00| 0 spa d
040 _aMUNICIPALIDAD PROVINCIAL DEL CUSCO
_cBIBLIOTECA MUNICIPAL DEL CUSCO
082 _a869.56 /
_bP7
110 _aAsociación Cultural de Piura
_911125
245 _aProsistas Piuranos /
260 _aLima :
_bMinerva,
_c1958.
300 _a230 paginas ;
_c15 cm.
440 _aProsistas Piuranos.
_n7
_911126
505 _aContenido: Independencia de Piura -- La segunda Guerra de independencia -- Los linderos de Piura -- Bosquejo Económico de la provincia de Morropón. ...
650 _aProsa piurana
_911127
650 _aLiteratura peruana
_9169
650 _aLiteratura latinoamericana
_91143
700 _aArellano, José Maria
_911128
700 _aCarnero Checa, Genaro
_92353
700 _aCornejo Ubillus, Edmundo
_911129
942 _2ddc
_cLIBROS
945 _arah